000 00762nam a2200181Ia 4500
008 090630s9999 xx 000 0 und d
082 _b13111
100 _aअष्टिकर मंदाकिनी.
245 _aतृषार्त शिंपला मिटून गेला.
_cअष्टिकर मंदाकिनी.
260 _bनवचैतन्य.
_c1992
300 _a234
600 _aअष्टिकर मंदाकिनी.
630 _aतृषार्त शिंपला मिटून गेला.
655 _aकादंबरी.
700 _aअष्टिकर मंदाकिनी.
730 _aतृषार्त शिंपला मिटून गेला.
942 _cBOOK
999 _c264967
_d264967